Loading...
Lakshminarayanlal ka natya-sahitya: samagic drishti /
| Other Authors: | |
|---|---|
| Format: | Printed Book |
| Published: |
New Delhi:
Vani prakasan,
|
| Subjects: |
| LEADER | 00495cam a2200157ua 4500 | ||
|---|---|---|---|
| 008 | 060815t||||||||||| 00 ||||| c | ||
| 082 | |a 79 |b KAR/L | ||
| 245 | 0 | 0 | |a Lakshminarayanlal ka natya-sahitya: samagic drishti / |
| 260 | |a New Delhi: |b Vani prakasan, | ||
| 300 | |a . | ||
| 504 | |a . | ||
| 650 | 0 | |a Dancing | |
| 700 | 0 | 2 | |a Karuna Sharma, |
| 942 | |c BK | ||
| 999 | |c 6191 |d 6191 | ||
| 952 | |0 0 |1 0 |4 0 |6 79_000000000000000_KAR |7 0 |9 6511 |a KUCL |b KUCL |d 2014-05-23 |l 1 |m 1 |o 79 KAR/ |p 11375 |r 2015-09-30 |s 2015-08-06 |w 2014-05-23 |y BK | ||